Clic Quel pays ? Villes les plus hautes d'Amérique - Statistiques

Statistiques générales
  • Ce quiz a été pris 14 fois
  • Le résultat moyen est 4 sur 31
Statistiques - réponses
Hint Extra Hint Réponse % Correct
Alma Colorado / 3156 m États-Unis
73%
Yateras Guantánamo / 470 m Cuba
64%
Freeport Grand Bahama / 10 m Bahamas
36%
Campos do Jordão São Paulo / 1628 m Brésil
36%
Raíces Mexico / 3531 m Mexique
36%
Migny Soufrière / 454 m Sainte-Lucie
27%
Fancy Saint-Vincent / 612 m Saint-Vincent-et-les-Grenadines
27%
El Aguilar Jujuy / 4895 m Argentine
18%
Colquechaca Potosí / 4692 m Bolivie
18%
White Hill Saint Andrew / 304 m Barbade
9%
Constantine Saint George / 396 Grenade
9%
Ixchiguan San Marcos / 3185 m Guatemala
9%
Ipichau Potaro-Siparuni / 611 m Guyana
9%
La Esperanza Intibucá / 1700 m Honduras
9%
Mandeville Manchester / 628 m Jamaïque
9%
San José de Cusmapa Madriz / 1184 m Nicaragua
9%
Pedro Juan Caballero Amambay / 670 m Paraguay
9%
La Rinconada Puno / 5100 m Pérou
9%
Constanza La Vega / 1164 m République dominicaine
9%
Anapi Sipaliwini / 398 m Suriname
9%
Baldy Beacon Cayo / 978 m Belize
0%
Parinacota Arica et Parinacota / 4400 m Chili
0%
Vetas Santander / 3350 m Colombie
0%
Villa Mills Cartago / 3100 m Costa Rica
0%
Papallacta Napo / 3300 m Équateur
0%
Fonds-Verrettes Ouest / 950 m Haïti
0%
Cerro Punta Chiriquí / 2000 m Panama
0%
Apaneca Ahuachapán Salvador
0%
Brasso Seco Tunapuna-Piarco / 673 m Trinité-et-Tobago
0%
Santa Clara de Olimar Treinta y Tres / 320 m Uruguay
0%
Apartaderos Mérida / 3505 m Venezuela
0%
Aucun quiz correspondant
Distribution des résultats
% des personnes avec chaque résultat
Percentile par nombre de réponses
Votre historique - résultats
Vous n’avez pas pris ce quiz